LDR 00857naa#a2200205#i#450# 001 EN\\bibl\126809 005 20260701181606.3 011 ## _a1815-588X 100 ## _a20260630b2026####ek#y0engy0150####ca 102 ## _aRU 200 1# _aDiagnostics of Traction Electric Motor Units of High-Speed Push-Pull Trains on the Russian Railway _eJournal article 210 1# _aSaint-Petersburg _cFSBEI HE "Emperor Alexander I St. Petersburg State Transport University" _d2026 215 ## _a10 с. 608 ## _aJournal article _2local 675 ## _aТехника наземных и водных средств транспорта. 629.1 _aТехника средств транспорта. 629 _z 700 #1 _aPonomarev _gIl'ya Sergeevich 700 #1 _aObuhov _gMihail Yur'evich 700 #1 _aElin _gDmitriy Aleksandrovich 700 #1 _aEvstaf'ev _gAndrey Mihaylovich 856 4# _aatjournal.ru _u